Countries that Great Britain once Controlled Sudden Death - Statistics

General Stats
  • This quiz has been taken 38 times
  • The average score is 14 of 23
Answers on the Grid
Answers color-coded by a green-red scale on the quiz's grid according to % correct below.
Spain
Sri Lanka
Germany
Egypt
United States of America
Mogolia
Italy
Fiji
South Korea
Bangladesh
Solomon Islands
Bahamas
India
Afghanistan
China
Belize
Oman
Myanmar
New Zealand
Russia
North Korea
Myanmar
Qatar
Palestine
Yemen
Singapore
United Arab Emirates
Maldives
Saudi Arabia
Sudan
 
Answer Stats
Answer % Correct
United States of America
93%
India
85%
Sri Lanka
85%
Bahamas
81%
New Zealand
81%
Singapore
81%
Bangladesh
78%
Belize
67%
Egypt
67%
Fiji
67%
Palestine
63%
Solomon Islands
63%
Myanmar
59%
Myanmar
56%
United Arab Emirates
56%
Oman
48%
Qatar
48%
Sudan
48%
Maldives
44%
Afghanistan
41%
Yemen
33%
Germany
19%
Italy
7%
No matching quizzes found
Score Distribution
Percent of People with Each Score
Percentile by Number Answered
Your Score History
You have not taken this quiz